Quizzes
Events
Quiz Creation
Community
Videos
Private Events
Remove Ads
Sign In
Join for FREE
Feedback
Dark Mode
Quiz Categories
Sports
Geography
Music
Movies
Television
Just For Fun
Miscellaneous
History
Literature
Language
Science
Gaming
Entertainment
Religion
Holiday
For Kids
Quiz Lab
Recent
Popular Today
Quiz Kudos Today
Editor Picks
Curator Picks
Quizzes by...
Day
Popularity
Type
Ratings
Length
Year
Community
Subscriptions
Recent Discussions
Orange Saloon
Badges
Playlists
Quests
Create
Leaderboards
Showdown
Live 5
Trivia Bingo
Activity
Puzzle Library
Sporcle Events
Private Events
Virtual Trivia
Globe League
Become a Host
Pub Owners
SporcleCon
Opinionation
Our Games
Videos
Blog
Mobile Apps
Partnerships
Remove Ads and Go Orange
Feedback
Sports
Athletes
MLB
NBA
NHL
NFL
Soccer
Sports Teams
WWE
NCAA
Football
Premier League
Basketball
Baseball
Hockey
Golf
Tennis
Cricket
Rugby
Auto Racing
Olympics
World Cup
Sports
Athletes
MLB
NBA
NHL
NFL
Soccer
Sports Teams
WWE
NCAA
Football
Premier League
Basketball
Baseball
Hockey
Golf
Tennis
Cricket
Rugby
Auto Racing
Olympics
World Cup
Random Quiz
Search Sporcle
×
Quiz Lab
Quiz Lab
Sports
Baseball
Type in answers that appear in a list
Type in answers that appear in a list
Classic
Best Score? Go Orange.
All time most HR's in MLB history Stats
Can you name the Top 40 Home Run Hitters in MLB History?
By
bdog00
12m
40 Questions
277 Plays
277 Plays
277 Plays
Comments
Comments
Give Quiz Kudos
Give Quiz Kudos
-
- Ratings
hide this ad
Replay
Link that replays current quiz
Next Quiz
Link to next quiz in quiz playlist
You Got
0%
They Got
Avg Score
68%
Avg Friend Score
Upgrade to see
Score Distribution
Jump to the score distribution portion of the page
Score
0/40
Timer
12:00
0
Plays Today
Home Run's
Player
% Correct
762
Barry Bonds
98.9%
714
Babe Ruth
97.8%
755
Hank Aaron
96.4%
626
Alex Rodriguez
92.8%
660
Willie Mays
90.3%
609
Sammy Sosa
87%
583
Mark McGwire
83.8%
595
Jim Thome
81.2%
521
Ted Williams
80.5%
536
Mickey Mantle
78.7%
563
Reggie Jackson
75.8%
493
Lou Gehrig
75.1%
586
Frank Robinson
74%
548
Mike Schmidt
73.3%
573
Harmon Killebrew
72.6%
521
Frank Thomas
71.1%
555
Manny Ramirez
70.8%
569
Rafael Palmeiro
70.4%
511
Mel Ott
70.4%
534
Jimmie Foxx
69.7%
Home Run's
Player
% Correct
512
Ernie Banks
69.7%
521
Willie McCovey
67.9%
630
Ken Griffey Jr.
67.5%
504
Eddie Murray
65.7%
475
Stan Musial
63.9%
462
Jose Canseco
61.7%
512
Eddie Mathews
60.6%
509
Gary Sheffield
60.6%
493
Fred McGriff
59.6%
475
Willie Stargell
58.8%
444
Chipper Jones
58.8%
465
Dave Winfield
53.4%
452
Carl Yastrzemski
52.3%
449
Jeff Bagwell
52%
442
Dave Kingman
51.3%
473
Carlos Delgado
50.2%
443
Vladimir Guerrero
43.7%
434
Juan Gonzalez
43.7%
438
Andre Dawson
42.2%
431
Cal Ripken Jr.
26.7%
Quiz Playlist
Details
Report
Send in Message
Add To Playlist
Classic:
Type in answers that appear in a list
Quiz Source
Last Updated: Jun 23, 2017
Quiz Scoreboard
CHALLENGE
Sign Up to Join the Scoreboard
Show All
Scores
Hide
Comments
May contain spoilers
Recently Published
An Introduction to Baseball
by treessimontrees
Sports
5m
Movies - When Are They Set?
by FPL_Elf
Movies
5m
Popular People in 1961
by mucciniale
History
6m
More to Explore
Quiz From the Vault
Featured Blog Post
Where Did the Easter Bunny Come From?
hide this ad
You Might Also Like...
Tags
Baseball Quiz
MLB Quiz
Hitter
home
Player
run
Top 40
Today's Top Quizzes in Sports
Browse Sports
hide this ad
Today's Top Quizzes in Baseball
Browse Baseball
Top Contributed Quizzes in Sports
1
Les meilleurs buteurs des matchs entre le PSG et l’OM
2
2022 World Cup Stars
3
FIFA Club World Cup Champions
4
Les entraîneurs de l'OM et du PSG au 21e siècle
5
Name the Premier League winners with different clubs
6
La finale Lions - Afrique du Sud 2021
7
Les joueurs passés par le LOSC et le RC Lens
8
Criteria MLB: Left Handed Sluggers
9
Players with Multiple 50 Home Run Seasons
10
5-to-1: UK Sports Teams
Explore More
Trending Topics
Crossword
Harry Potter
Marvel
Kpop
Anime
NBA
Disney
The Office
NFL
Country
Soccer
Puzzle
WWE
Pokémon
Song
hide this ad
More By:
bdog00
Quiz
Plays
Rating
Category
Featured
Created
King of Queens Quiz
1,932
2.00
Television
May 24, 2011
Shawshank Redemption Quiz
847
1.43
Movies
May 25, 2011
All time most HR's in MLB history
277
1.00
Sports
Jul 14, 2011
Movie Fill in the Blank
237
1.60
Movies
May 25, 2011
TOP 50 SONGS ALL TIME
141
1.00
Music
May 26, 2011
Go to Creator's Profile
Score Distribution
Quiz Creator Spotlight
bdog00
Follow
Send a Message
Quizzes Created
-
Created Quiz Play Count
-
More By This Creator
Popular Quizzes Today
1
Find the Countries of Europe - No Outlines Minefield
2
Find the US States - No Outlines Minefield
3
The Countries of the World
4
Popular People in 1961
5
US States
6
Find the US States
7
1-10 Letter E Words III
8
Risky Map Clicking: Biggest States A-Z
More Sports Quizzes
Tigers Yearly Top 5 Wins
Quiz Lab
Trending Quizzes
Risky Map Clicking: Least Populous States A-Z
1-10 Letter F Words
1-10 Letter G Words
Not Quite an Element Typing Challenge
One Thing in Common: United Kingdom
Recently Updated
Leaping Animals
pecheneg
Reality TV Shows (A-Z)
bhenderson79
Rickey Henderson's Hall of Fame Teammates
pecheneg
Champions League XIs: Arsenal
pecheneg
Quick Pick: Celebrities in WWE's Hall of Fame
aduchscher
A-Z Keypad Blitz II
pecheneg
Multiple Oscar Actors
pecheneg
Mystery Phrase Blitz: Oscar 'Best Actors'
pecheneg
F. Scott Fitzgerald Novels
LTH
Pick 3 Villains
ddd62291
Trending Topics
Kpop
Disney
Harry Potter
NBA
Crossword
Marvel
Anime
WWE
The Office
Country
Soccer
Pokémon
Song
Puzzle
NFL
Your Account Isn't Verified!
In order to create a playlist on Sporcle, you need to verify the email address you used during registration. Go to your
Sporcle Settings
to finish the process.
Report this User
Report this user for behavior that violates our
Community Guidelines
.
Details:
Send Report
Go to the Sporcle.com Mobile Site →
Comments